Comunicación y tecnologías para la educación : Antología
| Формат: | Ном |
|---|---|
| Хэл сонгох: | испани |
| Хэвлэсэн: |
sin lugar. :
[no identificado],
sin fecha
|
| Нөхцлүүд: |
MARC
| LEADER | 00000nam a2200000Ia 4500 | ||
|---|---|---|---|
| 008 | 180702bs ||||| |||| 00| | spa d | ||
| 999 | |c 1970 |d 1970 | ||
| 090 | |a 06.05.03 |b 321 | ||
| 245 | 1 | 0 | |a Comunicación y tecnologías para la educación : Antología |
| 260 | |a sin lugar. : |b [no identificado], |c sin fecha | ||
| 300 | |a v. | ||
| 650 | 1 | 4 | |a TECNOLOGÍA EDUCATIVA |9 483 |
| 650 | 1 | 4 | |a CAMBIO TECNOLÓGICO |9 1245 |
| 650 | 1 | 4 | |a CIENCIA Y TECNOLOGÍA |9 37 |
| 650 | 1 | 4 | |a HISTORIA SOCIAL |9 932 |
| 650 | 1 | 4 | |a DESARROLLO SOCIAL |9 613 |
| 942 | |i 00434 |h 06.05.03 321 |2 z |c 01 | ||
